[Event "chess.com IoM Masters"]
[Site "Douglas ENG"]
[Date "2016.10.01"]
[Round "1.48"]
[White "Ushenina, Anna"]
[Black "Pasini, Nicolo"]
[Result "1/2-1/2"]
[WhiteTitle "GM"]
[WhiteElo "2459"]
[BlackElo "2101"]
[WhiteFideId "14110911"]
[BlackFideId "2809600"]
[EventDate "2016.10.01"]

1. Nf3 Nf6 2. c4 g6 3. Nc3 Bg7 4. e4 c5 5. d4 cxd4 6. Nxd4 Nc6 7. Be3 O-O 8. Be2
d6 9. O-O Bd7 10. f3 Qb6 11. Na4 Qa5 12. Nb5 Rfc8 13. Rc1 Ne5 14. b3 d5 15. exd5
Bxb5 16. cxb5 Rxc1 17. Bxc1 Rd8 18. Bd2 Qc7 19. f4 Ned7 20. Bf3 Nb6 21. Qc1 Qxc1
22. Rxc1 Nbxd5 23. g3 e6 24. Nc5 b6 25. Na6 Bf8 26. a4 Bd6 27. Be1 Kf8 28. Bf2
Ke7 29. Rc4 Kd7 30. Bd4 Rc8 31. Kf2 Be7 32. Be5 Kd8 33. Nb8 Rxc4 34. bxc4 Nb4
35. Ke2 Nd7 36. Nxd7 Kxd7 37. Kd2 Bc5 38. Bb7 Bd6 39. Bf6 Kc7 40. Be4 Bc5 41.
Be5+ Kd7 42. Kc3 a5 43. Kd2 Ke7 44. Bb1 Kd7 45. Ke2 Ke7 46. Kf3 f6 47. Bc3 Kf7
48. Kg4 Bg1 49. Kh3 Be3 50. Kg4 Bc5 51. Kf3 Ke7 52. g4 Bg1 53. h3 Bc5 54. f5
gxf5 55. gxf5 e5 56. Kg4 Kf7 57. Bd2 Bd4 58. Be4 Bc5 59. Kh5 Kg7 60. Bh6+ Kf7
61. Bb1 Bd4 62. Kg4 Ke7 63. Kf3 Bc5 64. h4 Bd4 65. Ke2 Bc5 66. h5 Kf7 67. Be4
Bd4 68. Kd2 Bc5 69. Bb7 Kg8 70. Bc8 Kh8 71. Be6 Na2 72. Bf7 Bb4+ 73. Kc2 Bc5 74.
Kd3 e4+ 75. Kd2 Bb4+ 76. Kc2 Bc5 77. Be6 e3 78. Kb2 e2 79. Bd2 Bb4 80. Kc2 e1=Q
81. Bxe1 Bxe1 82. c5 Nb4+ 83. Kd1 Bf2 84. c6 Bg3 85. h6 Nd3 86. Bb3 Nc5 87. Bc2
Kg8 88. Ke2 Kf7 89. Kf3 Bc7 90. Kg4 Ke7 91. Kh5 Kd6 92. Bb1 Ke5 93. Ba2 Ne4 94.
Bg8 Ng5 95. Kg4 Bb8 96. Bb3 Kd6 97. Ba2 Ke7 98. Bg8 Nf7 99. Kh5 Bf4 100. Bxh7
Nxh6 101. Kg6 Nf7 102. Bg8 Ne5+ 103. Kg7 Nd3 104. Bb3 Nb4 105. Kg6 Be5 106. Kg7
Bd6 107. Kg6 Nd3 108. Bc2 Nf4+ 109. Kg7 Nd5 110. Kg6 Be5 111. Kg7 Nc7 112. Kg6
Kd6 113. Kf7 Nd5 114. Ke8 Nc7+ 115. Kd8 Kc5 116. Kc8 Nxb5 117. axb5 Kxb5 118.
Kb7 Kc5 119. c7 Bxc7 120. Kxc7 b5 121. Kd7 Kd5 122. Ke7 Ke5 123. Kd7 1/2-1/2

[Event "chess.com IoM Masters"]
[Site "Douglas ENG"]
[Date "2016.10.01"]
[Round "1.49"]
[White "Tiwari, Ashwani"]
[Black "Paehtz, Elisabeth"]
[Result "0-1"]
[WhiteTitle "FM"]
[BlackTitle "IM"]
[WhiteElo "2090"]
[BlackElo "2459"]
[WhiteFideId "5006961"]
[BlackFideId "4641833"]
[EventDate "2016.10.01"]

1. e4 c5 2. Nc3 a6 3. f4 b5 4. g3 Bb7 5. Bg2 b4 6. Nb1 e6 7. Nh3 Nf6 8. d3 c4 9.
O-O cxd3 10. cxd3 h5 11. f5 e5 12. Nd2 Nc6 13. Nc4 Bc5+ 14. Kh1 d6 15. Bg5 Ne7
16. Rc1 Rc8 17. Be3 Bxe3 18. Nxe3 Rxc1 19. Qxc1 Qb6 20. Nc4 Qc5 21. Qe3 Qxe3 22.
Nxe3 Nc6 23. Rc1 Nd7 24. Nc4 Ke7 25. Ng5 Rh6 26. Nf3 Nf6 27. Ne3 Ke8 28. Kg1 a5
29. Nc4 Nd7 30. Kf2 Ke7 31. Bf1 Rh8 32. Ne3 Rd8 33. Nd5+ Kf8 34. Ke3 Nc5 35. Nb6
g6 36. fxg6 fxg6 37. Bh3 Ba6 38. Nc4 Bxc4 39. Rxc4 Ke7 40. Rc1 Rf8 41. b3 Rf6
42. Rf1 a4 43. bxa4 Nxa4 44. d4 Nc3 45. d5 Na5 46. Nd2 Rxf1 47. Bxf1 Nxa2 48.
Nc4 Nb7 49. Nb2 Nc5 50. Bc4 Nc3 51. Nd3 b3 52. Nxc5 b2 53. Bd3 dxc5 54. Kd2 b1=Q
55. Bxb1 Nxb1+ 56. Kc2 Na3+ 57. Kb3 Nb5 58. Kc4 Nd6+ 0-1

[Event "chess.com IoM Masters"]
[Site "Douglas ENG"]
[Date "2016.10.01"]
[Round "1.50"]
[White "Lou, Yiping"]
[Black "Bianco, Valerio"]
[Result "1-0"]
[WhiteTitle "IM"]
[WhiteElo "2458"]
[BlackElo "2074"]
[WhiteFideId "8603928"]
[BlackFideId "800600"]
[EventDate "2016.10.01"]

1. d4 g6 2. c4 Bg7 3. e4 d6 4. Nc3 e5 5. Nf3 Bg4 6. d5 Nd7 7. Be2 h5 8. Ng5 Bxe2
9. Qxe2 Bh6 10. h4 Nf8 11. c5 a6 12. Qc4 Nh7 13. Qa4+ Kf8 14. Qb4 Rb8 15. f4
Nxg5 16. fxg5 Bg7 17. Be3 Qd7 18. c6 Qc8 19. Ba7 b6 20. Bxb8 Qxb8 21. O-O-O 1-0

[Event "chess.com IoM Masters"]
[Site "Douglas ENG"]
[Date "2016.10.01"]
[Round "1.51"]
[White "Hamer, Martyn"]
[Black "Romanishin, Oleg M"]
[Result "0-1"]
[BlackTitle "GM"]
[WhiteElo "2063"]
[BlackElo "2456"]
[WhiteFideId "413160"]
[BlackFideId "14100088"]
[EventDate "2016.10.01"]

1. e4 e5 2. Nc3 Bc5 3. Nf3 d6 4. d4 exd4 5. Nxd4 Nf6 6. Bc4 O-O 7. f3 d5 8. exd5
Re8+ 9. Nde2 Nbd7 10. Bg5 Qe7 11. Ne4 Bb6 12. c3 Qe5 13. Nxf6+ Nxf6 14. Qd2 h6
15. Bf4 Qf5 16. h4 Nh5 17. Bh2 Qf6 18. Kd1 Be3 19. Qe1 Bd7 20. b3 b5 21. Bd3 Bf5
22. Bxb5 Rad8 23. Bxe8 Rxd5+ 24. Nd4 Rxd4+ 25. Ke2 Rd2+ 26. Kf1 Bd3+ 0-1

[Event "chess.com IoM Masters"]
[Site "Douglas ENG"]
[Date "2016.10.01"]
[Round "1.52"]
[White "Kiewra, Keaton F"]
[Black "Harari, Zaki"]
[Result "1-0"]
[WhiteTitle "IM"]
[WhiteElo "2454"]
[BlackElo "2061"]
[WhiteFideId "2019280"]
[BlackFideId "2002639"]
[EventDate "2016.10.01"]

1. e4 e5 2. Nf3 Nc6 3. Bb5 a6 4. Ba4 Nf6 5. d4 exd4 6. O-O Be7 7. Re1 b5 8. Bb3
d6 9. Bd5 Nxd5 10. exd5 Ne5 11. Nxd4 Bd7 12. Nc3 O-O 13. f4 Ng6 14. Nc6 Bxc6 15.
dxc6 Qc8 16. Nd5 Bd8 17. Qh5 a5 18. Re3 Nh4 19. a4 b4 20. c3 Qa6 21. cxb4 Qxc6
22. Rc3 Qe8 23. Re3 Qc6 24. b5 Qc5 25. Ne7+ Bxe7 26. Qxc5 dxc5 27. Rxe7 Rfd8 28.
Rxc7 Rd1+ 29. Kf2 h5 30. Rxc5 g6 31. b6 Rb8 32. Rb5 Nf5 33. b4 Nd6 34. bxa5 Nxb5
35. axb5 Rd5 36. Rb1 Rd1 37. f5 gxf5 38. Ke2 Rg1 39. Kf2 Rd1 40. a6 Rxb6 41. a7
Rd8 42. Bf4 Rb7 43. b6 f6 44. Rb2 Kf7 45. Bc7 Rf8 46. Ra2 Ra8 47. Kf3 Ke6 48.
Kf4 h4 49. Ra3 Kd7 50. Kxf5 h3 51. g4 1-0

[Event "chess.com IoM Masters"]
[Site "Douglas ENG"]
[Date "2016.10.01"]
[Round "1.53"]
[White "Whitehead, David J"]
[Black "Praggnanandhaa, R"]
[Result "0-1"]
[BlackTitle "IM"]
[WhiteElo "2021"]
[BlackElo "2442"]
[WhiteFideId "406813"]
[BlackFideId "25059530"]
[EventDate "2016.10.01"]

1. e4 e5 2. Bc4 Nf6 3. d3 Nc6 4. Nf3 Bc5 5. c3 a6 6. Bb3 Ba7 7. h3 d6 8. O-O h6
9. Nbd2 g5 10. d4 g4 11. dxe5 dxe5 12. hxg4 Bxg4 13. Qe2 Nh5 14. Kh1 Nf4 15. Qc4
Qf6 16. Nh2 Be2 17. Qa4 Bb5 18. Qa3 Bxf1 19. Ndxf1 Nxg2 20. Be3 Nxe3 21. Nxe3
Bxe3 22. fxe3 Qe7 23. Qxe7+ Kxe7 24. Rf1 Raf8 25. Bd5 Rhg8 26. Nf3 Rg4 27. Kh2
Rfg8 28. Kh3 Rg3+ 29. Kh4 R8g4+ 30. Kh5 Rg7 31. Kh4 Rg2 32. b4 Nd8 33. Kh3 c6
34. Bb3 f6 35. Kh4 Ne6 36. Rh1 R7g4+ 37. Kh5 Rxe4 38. Nh4 Ng7+ 39. Kxh6 Rxh4+ 0-1

[Event "chess.com IoM Masters"]
[Site "Douglas ENG"]
[Date "2016.10.01"]
[Round "1.54"]
[White "Sundararajan, Kidambi"]
[Black "Guo, Emma"]
[Result "1-0"]
[WhiteTitle "GM"]
[BlackTitle "WIM"]
[WhiteElo "2429"]
[BlackElo "2018"]
[WhiteFideId "5005370"]
[BlackFideId "3200795"]
[EventDate "2016.10.01"]

1. Nf3 Nf6 2. d4 g6 3. g3 Bg7 4. Bg2 O-O 5. O-O d6 6. c4 c5 7. Nc3 Bd7 8. dxc5
dxc5 9. Be3 Qc8 10. Rc1 Bh3 11. Nd5 Nxd5 12. cxd5 Bxg2 13. Kxg2 Bxb2 14. Rxc5
Qd7 15. Bh6 Rd8 16. Qc2 Bg7 17. Rc7 Bxh6 18. Rxd7 Nxd7 19. Rb1 b6 20. Nd4 Nc5
21. Nc6 Rd7 22. Rd1 Rc7 23. Qc4 Rac8 24. Qg4 Re8 25. Ne5 Rcc8 26. Qf3 Rf8 27. h4
Bg7 28. Nc6 Rc7 29. h5 Na4 30. Qf4 1-0

[Event "chess.com IoM Masters"]
[Site "Douglas ENG"]
[Date "2016.10.01"]
[Round "1.55"]
[White "Scott, Luke"]
[Black "Daulyte, Deimante"]
[Result "0-1"]
[BlackTitle "IM"]
[WhiteElo "2018"]
[BlackElo "2429"]
[WhiteFideId "2507986"]
[BlackFideId "12802859"]
[EventDate "2016.10.01"]

1. d4 Nf6 2. c4 g6 3. Nc3 Bg7 4. e4 d6 5. Nf3 O-O 6. Be2 Nbd7 7. O-O e5 8. Re1
Re8 9. d5 Nc5 10. Qc2 a5 11. Rb1 Nfxe4 12. Nxe4 Nxe4 13. Be3 f5 14. Nd2 Nxd2 15.
Bxd2 b6 16. a3 a4 17. Rbc1 Bd7 18. b4 axb3 19. Qxb3 Bf6 20. Bb4 Bg5 21. Ra1 Ba4
22. Qb2 Bf4 23. Bd2 Bxd2 24. Qxd2 Qf6 25. g4 Bd7 26. g5 Qg7 27. h4 e4 28. Kg2
Qe5 29. f4 e3 30. fxe5 exd2 31. Red1 Rxe5 32. Rxd2 Re4 0-1

[Event "chess.com IoM Masters"]
[Site "Douglas ENG"]
[Date "2016.10.01"]
[Round "1.56"]
[White "Basso, Pier Luigi"]
[Black "Sipos, Silvester"]
[Result "1-0"]
[WhiteTitle "IM"]
[WhiteElo "2428"]
[BlackElo "2006"]
[WhiteFideId "866970"]
[BlackFideId "444260"]
[EventDate "2016.10.01"]

1. c4 b6 2. e4 Bb7 3. Nc3 e6 4. g3 Nf6 5. Bg2 Bb4 6. Nge2 O-O 7. O-O Nc6 8. d4
Ne7 9. e5 Bxg2 10. exf6 Bxf1 11. fxe7 Qxe7 12. Qxf1 a6 13. a3 Bd6 14. Ne4 Rfc8
15. Be3 Qf8 16. Nxd6 Qxd6 17. Nc3 Qe7 18. Rd1 d6 19. Qg2 Qd7 20. a4 Rab8 21. b4
c6 22. Bf4 f5 23. Qf3 Rb7 24. Re1 a5 25. b5 c5 26. Rd1 1-0

[Event "chess.com IoM Masters"]
[Site "Douglas ENG"]
[Date "2016.10.01"]
[Round "1.57"]
[White "Thomson, Neil"]
[Black "Alvarado Diaz, Alejandro"]
[Result "0-1"]
[BlackTitle "IM"]
[WhiteElo "2002"]
[BlackElo "2425"]
[WhiteFideId "2402246"]
[BlackFideId "2276119"]
[EventDate "2016.10.01"]

1. e4 d5 2. exd5 Qxd5 3. Nc3 Qd6 4. d4 Nf6 5. Nf3 g6 6. Nb5 Qb6 7. Na3 Be6 8. c3
Bd5 9. c4 Bxf3 10. Qxf3 c6 11. c5 Qd8 12. Bf4 Qxd4 13. Nb5 cxb5 14. Qxb7 a6 15.
Be2 Qd5 16. Qc8+ Qd8 17. Qxd8+ Kxd8 18. Bf3 Nbd7 19. Bxa8 e5 20. Bg5 Bxc5 21.
O-O Bd4 22. Bc6 h6 23. Be3 Bxb2 24. Rab1 Bc3 25. Bb7 Nb8 26. Bb6+ Ke7 27. Rfc1
Nfd7 28. Be3 b4 29. Rd1 a5 30. Rd5 a4 31. Bd2 Nf6 32. Rd3 Bxd2 33. Rxd2 b3 34.
axb3 axb3 35. Rxb3 Nbd7 36. Bf3 Rc8 37. h4 e4 38. Re3 Ne5 39. Be2 Kf8 40. Rd1
Kg7 41. Ba6 Ra8 42. Bb7 Ra2 43. Rf1 Nc4 44. Rc3 Nd6 45. Bc6 Nf5 46. f3 Ng3 47.
Re1 Ne2+ 48. Rxe2 Rxe2 49. fxe4 Nxe4 50. Bxe4 Rxe4 51. h5 g5 52. g3 Re2 53. Rf3
Ra2 54. Rf5 Re2 55. Rf3 Re5 56. Ra3 g4 57. Ra4 Rxh5 58. Rxg4+ Rg5 59. Ra4 Rxg3+
60. Kf2 Rg5 61. Kf3 Kg6 62. Ra6+ f6 63. Ra8 h5 64. Rh8 Ra5 65. Rg8+ Kf5 66. Rh8
Ra3+ 67. Kg2 Kg4 68. Rg8+ Kf4 69. Rb8 f5 70. Rb4+ Kg5 71. Kf2 h4 72. Kg2 Rg3+
73. Kh2 Rg4 74. Rb8 Ra4 75. Kg2 Kg4 76. Rg8+ Kf4 77. Rf8 Ra3 78. Rf7 Rg3+ 79.
Kh2 Kg4 80. Rg7+ Kf3 81. Rf7 f4 82. Rf8 Rg7 83. Ra8 Re7 84. Rf8 Ke3 85. Kg2 Rg7+
86. Kf1 Kf3 87. Ra8 Kg3 88. Kg1 h3 89. Kh1 f3 90. Ra3 Re7 91. Ra1 f2 92. Ra3+
Kf4 0-1

[Event "chess.com IoM Masters"]
[Site "Douglas ENG"]
[Date "2016.10.01"]
[Round "1.58"]
[White "Gaponenko, Inna"]
[Black "Birkett, Richard"]
[Result "1-0"]
[WhiteTitle "IM"]
[WhiteElo "2421"]
[BlackElo "1996"]
[WhiteFideId "14101181"]
[BlackFideId "2401819"]
[EventDate "2016.10.01"]

1. e4 e5 2. Nf3 Nc6 3. Bb5 d6 4. d4 exd4 5. Nxd4 Bd7 6. Bxc6 bxc6 7. Nc3 Be7 8.
Qd3 Bf6 9. f4 Ne7 10. Nf3 Ng6 11. Be3 O-O 12. O-O-O Bg4 13. Qc4 Qe8 14. Rd3 d5
15. Qa4 Bxc3 16. Rxc3 Qxe4 17. Qxe4 dxe4 18. Nd4 Ne7 19. Nxc6 Nd5 20. Ra3 Rfe8
21. h3 Bd7 22. Ne5 Be6 23. Rd1 f6 24. Nc6 a5 25. Bd2 a4 26. Rg3 Ra6 27. Nb4 Nxb4
28. Bxb4 Kf7 29. Rd4 f5 30. Rc3 Rc8 31. a3 Ke8 32. Rc5 Rd8 33. Bc3 Rxd4 34. Bxd4
Rd6 35. Be5 Rd7 36. Rxc7 Rxc7 37. Bxc7 Kd7 38. Be5 g6 39. Kd2 Kc6 40. Kc3 Kb5
41. Bd4 Bd7 42. Be3 Ka5 43. Kd4 Bb5 44. b4+ axb3 45. cxb3 Bf1 46. g4 fxg4 47.
hxg4 Be2 48. f5 Bxg4 49. f6 Be6 50. b4+ Kb5 51. Kxe4 Kc6 52. Ke5 Bf7 53. a4 h5
54. b5+ 1-0

[Event "chess.com IoM Masters"]
[Site "Douglas ENG"]
[Date "2016.10.01"]
[Round "1.59"]
[White "Fathallah, Joe"]
[Black "Karavade, Eesha"]
[Result "0-1"]
[BlackTitle "IM"]
[WhiteElo "1990"]
[BlackElo "2421"]
[WhiteFideId "1801899"]
[BlackFideId "5012600"]
[EventDate "2016.10.01"]

1. d4 Nf6 2. c4 e6 3. Nc3 Bb4 4. Qc2 O-O 5. Bg5 h6 6. Bh4 c5 7. e3 cxd4 8. exd4
b6 9. Nf3 Bb7 10. Bd3 d5 11. a3 Bxc3+ 12. bxc3 dxc4 13. Bxc4 Bxf3 14. gxf3 Nbd7
15. Rg1 Qc7 16. Bxf6 Nxf6 17. Ba2 Rac8 18. Rc1 Rfd8 19. Qd2 Kh8 20. Rg3 e5 21.
d5 Nh5 22. Kf1 Nxg3+ 23. hxg3 Qc5 24. Kg2 Qxa3 25. Bb1 Kg8 26. Qc2 Kf8 27. Re1
Qxc3 28. Qe4 Rc4 29. Qe2 Rb4 30. f4 Rxb1 31. Rxb1 exf4 32. gxf4 Qd4 33. Rd1 Qxf4
34. Qc2 Kg8 35. Qb3 Rd6 36. Rd3 a5 37. Qb5 Kh7 38. Qb1 Qe4+ 39. f3 Qg6+ 40. Kf2
Rxd5 0-1

[Event "chess.com IoM Masters"]
[Site "Douglas ENG"]
[Date "2016.10.01"]
[Round "1.60"]
[White "Tarjan, James E"]
[Black "Gagare, Shalmali"]
[Result "1/2-1/2"]
[WhiteTitle "GM"]
[BlackTitle "WIM"]
[WhiteElo "2420"]
[BlackElo "1989"]
[WhiteFideId "2000180"]
[BlackFideId "5038650"]
[EventDate "2016.10.01"]

1. c4 c6 2. d4 d5 3. cxd5 cxd5 4. Nc3 Nf6 5. Bf4 Nc6 6. e3 e6 7. Bd3 Bd6 8. Bxd6
Qxd6 9. f4 O-O 10. Nf3 a6 11. Ne5 b5 12. O-O Bb7 13. Rc1 Rac8 14. Qf3 Na5 15. g4
Nc4 16. g5 Nd2 17. Qh3 Nfe4 18. Rfd1 Nc4 19. Nxc4 bxc4 20. Nxe4 dxe4 21. Bxc4
Bd5 22. Qf1 Rc6 23. Bxd5 exd5 24. Rxc6 Qxc6 25. Rc1 Qd7 26. f5 Rc8 27. Rxc8+
Qxc8 28. Kg2 g6 29. Qf4 gxf5 30. h4 Qc2+ 31. Qf2 Qc1 32. Kg3 Qc7+ 33. Kg2 Qc1
34. h5 Qd1 35. h6 Qg4+ 36. Qg3 Qe2+ 37. Kh3 Qh5+ 38. Kg2 Qe2+ 39. Kg1 Qd1+ 40.
Kh2 Qh5+ 41. Kg2 Qe2+ 42. Qf2 1/2-1/2

[Event "chess.com IoM Masters"]
[Site "Douglas ENG"]
[Date "2016.10.01"]
[Round "1.61"]
[White "Swati, Mohota"]
[Black "Tania, Sachdev"]
[Result "0-1"]
[WhiteTitle "WFM"]
[BlackTitle "IM"]
[WhiteElo "1948"]
[BlackElo "2414"]
[WhiteFideId "5006511"]
[BlackFideId "5007844"]
[EventDate "2016.10.01"]

1. d4 Nf6 2. c4 b6 3. Nc3 Bb7 4. Nf3 e6 5. a3 d5 6. e3 Be7 7. cxd5 Nxd5 8. Bb5+
c6 9. Be2 O-O 10. O-O c5 11. Qc2 cxd4 12. Nxd4 Nxc3 13. Qxc3 Bf6 14. Rd1 Nc6 15.
Bf3 Nxd4 16. exd4 Rc8 17. Qd3 Bxf3 18. Qxf3 Bxd4 19. Be3 e5 20. Bxd4 exd4 21.
Qd3 Re8 22. h3 Qd6 23. Rd2 Rcd8 24. Rad1 Qf4 25. g3 Qf6 26. Kg2 Rd5 27. Qf3 Qd6
28. Rd3 g6 29. b4 a5 30. bxa5 bxa5 31. R1d2 Re1 32. Rd1 Rxd1 33. Qxd1 Qe5 34.
Qd2 Kg7 35. f3 h5 36. h4 Qd6 37. Kf2 Qc6 38. Qf4 Qc2+ 39. Qd2 Qc4 40. Kg2 Qc5
41. Qf4 Qb6 42. Kf2 Qb1 43. Qe4 Rd7 44. f4 Qc2+ 45. Qe2 Qxe2+ 46. Kxe2 Kf6 47.
Rb3 Kf5 48. Rb5+ Kg4 49. Rg5+ Kh3 50. Kd3 a4 51. Ra5 Kxg3 0-1

[Event "chess.com IoM Masters"]
[Site "Douglas ENG"]
[Date "2016.10.01"]
[Round "1.62"]
[White "Shvayger, Yuliya"]
[Black "Kotepalli, Sai Nirupama"]
[Result "1-0"]
[WhiteTitle "WIM"]
[BlackTitle "WFM"]
[WhiteElo "2405"]
[BlackElo "1944"]
[WhiteFideId "14100126"]
[BlackFideId "5039444"]
[EventDate "2016.10.01"]

1. e4 c5 2. Nf3 Nc6 3. Bb5 e6 4. O-O Nge7 5. Re1 a6 6. Bf1 Ng6 7. g3 Be7 8. Bg2
O-O 9. c3 c4 10. b3 d5 11. e5 Qc7 12. Qe2 b5 13. Ba3 Rd8 14. h4 h6 15. h5 Nf8
16. Bxe7 Qxe7 17. d3 cxd3 18. Qxd3 Nd7 19. Nbd2 Bb7 20. a3 Rac8 21. b4 Nb6 22.
Nb3 Na4 23. Rac1 Rc7 24. Rc2 Rdc8 25. Rec1 Nb8 26. Nfd4 Nd7 27. f4 Ndb6 28. Ne2
Nc4 29. Ra2 Bc6 30. Nbd4 Bd7 31. Rcc2 Ra7 32. Nf3 a5 33. g4 axb4 34. axb4 Rca8
35. g5 Qd8 36. gxh6 gxh6 37. Nc1 Qf8 38. Kh2 Qg7 39. Bh3 Kf8 40. Rg2 Qh8 41. Rg1
Ke7 42. Rag2 Ncb2 43. Qe3 Qc8 44. f5 exf5 45. Qxh6 Be6 46. Qf6+ Kd7 47. Bxf5 Qe8
48. Nd4 Kc7 49. Bxe6 fxe6 50. Nxe6+ Kb6 51. Nd4+ Kb7 52. Rg7+ Kc8 53. Rg8 Qxg8
54. Rxg8+ Kd7 55. Qd6# 1-0

[Event "chess.com IoM Masters"]
[Site "Douglas ENG"]
[Date "2016.10.01"]
[Round "1.63"]
[White "Tirziman, Rudolf"]
[Black "Das, Arghyadip"]
[Result "0-1"]
[BlackTitle "IM"]
[WhiteElo "1923"]
[BlackElo "2400"]
[WhiteFideId "2508664"]
[BlackFideId "5003610"]
[EventDate "2016.10.01"]

1. e4 c5 2. Nf3 a6 3. c3 d6 4. d4 Qc7 5. Be2 g6 6. O-O Bg7 7. Re1 Nf6 8. e5 dxe5
9. Nxe5 cxd4 10. cxd4 O-O 11. Nc3 Be6 12. Bf4 Qd8 13. Bf3 Nd5 14. Bg3 Ra7 15.
Ne4 Bf5 16. Qb3 Nc6 17. Nxc6 bxc6 18. Red1 Bxe4 19. Bxe4 Rd7 20. Qa4 Qb6 21.
Rac1 Qxb2 22. Qxc6 Qb5 23. Rc5 Qxc6 24. Rxc6 Rfd8 25. Bxd5 Rxd5 26. Rxa6 Bxd4
27. Kf1 f5 28. Bh4 Kf7 29. Re1 R8d7 30. Rae6 Bc5 31. R6e2 Bb4 32. Rc2 Bxe1 33.
Kxe1 Rd1+ 34. Ke2 Ra1 35. Bg3 Ra7 36. Be5 R1xa2 37. Rxa2 Rxa2+ 38. Kf1 Ke6 39.
f4 Kd5 40. h3 Ke4 41. Ke1 g5 0-1

[Event "chess.com IoM Masters"]
[Site "Douglas ENG"]
[Date "2016.10.01"]
[Round "1.64"]
[White "Kojima, Shinya"]
[Black "Dahl, Baard"]
[Result "1-0"]
[WhiteTitle "IM"]
[WhiteElo "2399"]
[BlackElo "1921"]
[WhiteFideId "7000812"]
[BlackFideId "444251"]
[EventDate "2016.10.01"]

1. Nf3 Nf6 2. c4 c5 3. Nc3 d5 4. cxd5 Nxd5 5. d4 Nxc3 6. bxc3 g6 7. e4 Bg7 8.
Be3 O-O 9. Qd2 Qa5 10. Rc1 Bg4 11. d5 f5 12. d6 exd6 13. Bc4+ Kh8 14. Ng5 fxe4
15. h3 Bf5 16. g4 Nc6 17. gxf5 Ne5 18. Be2 gxf5 19. Ne6 Rf6 20. Nxg7 Kxg7 21.
Rg1+ Kh8 22. Qd5 Re8 23. Qxb7 Rf7 24. Qd5 f4 25. Bd4 Rfe7 26. Bc4 Qd8 27. Bxe5+
dxe5 28. Qxe4 Rd7 29. Bb5 Rd4 30. Qf5 1-0

[Event "chess.com IoM Masters"]
[Site "Douglas ENG"]
[Date "2016.10.01"]
[Round "1.65"]
[White "Johnson, Paul A"]
[Black "Merry, Alan B"]
[Result "0-1"]
[BlackTitle "FM"]
[WhiteElo "1893"]
[BlackElo "2388"]
[WhiteFideId "415677"]
[BlackFideId "418811"]
[EventDate "2016.10.01"]

1. d4 Nf6 2. Nf3 g6 3. c4 Bg7 4. Nc3 O-O 5. e4 d6 6. Be2 e5 7. d5 a5 8. O-O Na6
9. Bg5 h6 10. Bh4 Qe8 11. Nd2 Nh7 12. f3 h5 13. Qc2 Bf6 14. Bf2 Bd7 15. b3 h4
16. a3 Bg5 17. Rab1 Qe7 18. b4 axb4 19. axb4 b6 20. Rb2 Bf4 21. Kh1 Qg5 22. Rfb1
Nxb4 23. Rxb4 h3 24. g4 Bxd2 25. R4b2 Be3 26. Bxe3 Qxe3 27. Rg1 Ng5 28. Nd1 Qf4
29. Qc3 Ra1 30. Nf2 Rfa8 31. Rb3 Rxg1+ 32. Kxg1 Ra2 33. Qe3 Ba4 34. Rc3 b5 35.
Qxf4 exf4 36. Bf1 b4 37. Rd3 Bc2 0-1

[Event "chess.com IoM Masters"]
[Site "Douglas ENG"]
[Date "2016.10.01"]
[Round "1.66"]
[White "Visakh, N R"]
[Black "Vishnu Prasanna, V"]
[Result "0-1"]
[WhiteTitle "IM"]
[BlackTitle "GM"]
[WhiteElo "2456"]
[BlackElo "2522"]
[WhiteFideId "25012223"]
[BlackFideId "5030692"]
[EventDate "2016.10.01"]

1. e4 c5 2. Nf3 d6 3. d4 cxd4 4. Nxd4 Nf6 5. Nc3 a6 6. Be3 e5 7. Nb3 Be6 8. h3
Be7 9. Qf3 O-O 10. O-O-O b5 11. g4 b4 12. Nd5 Nxd5 13. exd5 Bc8 14. Kb1 a5 15.
Bd3 Nd7 16. h4 Qc7 17. g5 a4 18. Nd2 Ba6 19. Bf5 a3 20. Qe4 axb2 21. Bxh7+ Kh8
22. Bf5 Rfc8 23. Rdg1 Qa5 24. Kxb2 Qa3+ 25. Kb1 Be2 26. Ba7 Bh5 27. Bxd7 Rxa7
28. Bg4 Qxa2+ 29. Kc1 Bg6 30. Bf5 Bxf5 31. Qxf5 Rac7 32. Kd1 Rxc2 33. Ke1 Qa6
34. f3 Rxd2 35. Kxd2 Qa2+ 36. Kd1 Qa1+ 37. Ke2 Qb2+ 38. Ke3 Rc3+ 39. Qd3 Bd8 0-1

[Event "chess.com IoM Masters"]
[Site "Douglas ENG"]
[Date "2016.10.02"]
[Round "2.1"]
[White "Sunilduth Lyna, Narayanan"]
[Black "Caruana, Fabiano"]
[Result "0-1"]
[WhiteTitle "GM"]
[BlackTitle "GM"]
[WhiteElo "2536"]
[BlackElo "2813"]
[WhiteFideId "5058422"]
[BlackFideId "2020009"]
[EventDate "2016.10.01"]

1. d4 f5 2. Bg5 g6 3. Nc3 Bg7 4. e3 d5 5. h4 c6 6. Nf3 Nd7 7. Bd3 Ngf6 8. h5 Qb6
9. Rb1 Ne4 10. Bf4 Rg8 11. O-O Bf6 12. hxg6 hxg6 13. Na4 Qd8 14. c4 e6 15. Ne5
Bxe5 16. dxe5 Nec5 17. Nxc5 Nxc5 18. b4 Nxd3 19. Qxd3 Qh4 20. Rfc1 Rh8 21. Kf1
Bd7 22. Bg3 Qh1+ 23. Ke2 Qxg2 24. Rg1 Qh3 25. Rh1 Qxh1 26. Rxh1 Rxh1 27. Qd4 g5
28. f4 g4 29. Kf2 b6 30. Kg2 Rc1 31. Bh4 c5 32. Qd2 Rxc4 33. Bf6 d4 34. Kg3 Rc3
35. Qh2 Rxe3+ 36. Kf2 g3+ 0-1

[Event "chess.com IoM Masters"]
[Site "Douglas ENG"]
[Date "2016.10.02"]
[Round "2.2"]
[White "So, Wesley"]
[Black "Harika, Dronavalli"]
[Result "1/2-1/2"]
[WhiteTitle "GM"]
[BlackTitle "GM"]
[WhiteElo "2794"]
[BlackElo "2528"]
[WhiteFideId "5202213"]
[BlackFideId "5015197"]
[EventDate "2016.10.01"]

1. e4 c5 2. Nf3 Nc6 3. Nc3 e5 4. Bc4 Be7 5. d3 Nf6 6. O-O O-O 7. Ng5 h6 8. f4
exf4 9. Nf3 Bd6 10. Nh4 Bb8 11. Ng6 d5 12. exd5 fxg6 13. dxc6+ Kh7 14. Bxf4 Ng4
15. Bxb8 Qd4+ 16. Kh1 Rxf1+ 17. Qxf1 Nf2+ 18. Kg1 Nh3+ 19. Kh1 Nf2+ 20. Kg1 Nh3+
21. Kh1 1/2-1/2

[Event "chess.com IoM Masters"]
[Site "Douglas ENG"]
[Date "2016.10.02"]
[Round "2.4"]
[White "Adams, Michael"]
[Black "Schroeder, Jan-Christian"]
[Result "1/2-1/2"]
[WhiteTitle "GM"]
[BlackTitle "GM"]
[WhiteElo "2745"]
[BlackElo "2514"]
[WhiteFideId "400041"]
[BlackFideId "24662259"]
[EventDate "2016.10.01"]

1. e4 e5 2. Nf3 Nc6 3. Bb5 a6 4. Ba4 Nf6 5. O-O Bc5 6. c3 b5 7. Bc2 d5 8. a4
dxe4 9. axb5 exf3 10. Qxf3 e4 11. Bxe4 Ne5 12. Qe2 O-O 13. d4 Bg4 14. Qc2 Nxe4
15. Qxe4 Nf3+ 16. gxf3 Bh3 17. dxc5 Bxf1 18. Kxf1 Qd1+ 19. Qe1 Qxf3 20. Be3 axb5
21. Rxa8 Rxa8 22. Nd2 Qh1+ 23. Ke2 Qxh2 24. Nf3 Qh3 25. Qd1 Qe6 26. Nd4 Qc4+ 27.
Qd3 Qxc5 28. Qxb5 Qxb5+ 29. Nxb5 Rb8 30. Nxc7 Rxb2+ 31. Kf3 Rc2 32. Bd4 f6 33.
Nd5 Kf7 34. Ne3 Rc1 35. Kg2 Ke6 36. f4 g6 37. Kf3 f5 38. c4 Kd7 39. Bg7 1/2-1/2